000 00506nam a2200181 i 4500
001 bg
100 1 _aFRIDMAN, Michail L.
245 0 _aTechnologija pererabotki kristalliceskich poliolefinov /
_cM[ichail] L. Fridman.
260 _aMoskwa :
_bIzdat. "Chimija",
_c1977.
300 _as. 397, nlb. 3 :
_brys., tab.
500 _a[Alf. ros.].
504 _a[Zawiera bibliogr.].
040 _cBPK
041 _apol
080 _a678.7:678.027
942 _cKS
008 s pl f |000 0 pol
999 _c10035
_d10035
856 _uhttp://koha.tu.koszalin.pl/cgi-bin/koha/opac-detail.pl?biblionumber=10035
_yKatalog online BPK